Ascensão e queda do comunismo (Record no. 46283)
[ view plain ]
| 000 -Etiqueta do registo | |
|---|---|
| Valores | 00808nam a2200253 4500 |
| 010 ## - Número ISBN | |
| ISBN | 9789722043632 |
| 021 ## - Número do Depósito Legal | |
| Número | 317181/10 |
| 100 ## - Dados gerais de processamento | |
| Dados gerais | 20110926d2010 m y0pory5003 ba |
| 101 1# - Língua de publicação | |
| Língua | por |
| 102 ## - País de publicação | |
| País | PT |
| 200 1# - Titulo e menção de responsabilidade | |
| Título próprio | Ascensão e queda do comunismo |
| Primeira menção de responsabilidade | Archie Brown |
| Outras menções de responsabilidade | rev. Marta C. |
| 205 ## - Menção da edição | |
| Edição | 1.ª ed. |
| 210 #9 - Publicação | |
| Local de publicação | Alfragide |
| Nome do editor | Publicações Dom Quixote, |
| Data de publicação | 2010 |
| 215 ## - Descrição física | |
| Paginação / Volumes | 771 p., [16] p. il. |
| Outras indicações físicas | il. |
| Dimensões | 24 cm |
| 304 ## - Nota relativa ao título | |
| Texto de nota | Tít. orig.: The rise and fall of communism |
| 675 ## - CDU | |
| Notação | 321.7(100)"18/19"(091) |
| Edição | BN |
| Língua | por |
| 675 ## - CDU | |
| Notação | 329.1(100)"18/19"(091) |
| Edição | BN |
| Língua | por |
| 700 #1 - Autor principal | |
| Apelido | Brown, |
| Nome | Archie, |
| Datas | 1938- |
| 702 #1 - Autor secundário | |
| Apelido | C., |
| Nome | Marta |
| Função | 675 |
| 801 #0 - Fonte de origem | |
| País | PT |
| Agência | BN |
| Regras de catalogação | RPC |
| 856 41 - Localização e acesso electrónico | |
| URL | <a href="http://rnod.bnportugal.gov.pt/ImagesBN/winlibimg.aspx?skey=&doc=1789993&img=1496&save=true">http://rnod.bnportugal.gov.pt/ImagesBN/winlibimg.aspx?skey=&doc=1789993&img=1496&save=true</a> |
| 990 ## - Elementos KOHA | |
| Tipo de documento | Livro |
| Aquisição | Empréstimo | Código de barras | Cota | Permissão de empréstimo | Tipo de documento | Nota relativa ao exemplar |
|---|---|---|---|---|---|---|
| Biblioteca Municipal de Redondo | Biblioteca Municipal de Redondo | 057391 | 329 BRO | Livro | oferta de Franklim Amaro Cabreirinha |